Powiaty w Polsce na literę J - Statystyki

Ogólne statystyki
  • Ten quiz został rozwiązany 85 razy
  • Średni wynik to 7 z 9
Statystyki odpowiedzi
Odpowiedzi % Poprawnych
Jaworzno
82%
jaworski
80%
jasielski
79%
janowski
77%
jędrzejowski
75%
Jelenia Góra
75%
jarociński
73%
jarosławski
73%
Jastrzębie Zdrój
69%
Nie znaleziono quizów pasujących do podanych kryteriów
Rozkład punktacji
Procent ludzi z każdym wynikiem
Percentyl według liczby udzielonych odpowiedzi
Twoja historia wyników
Nie rozwiązałeś tego quizu